00271nam a2200109Ia 4500008004100000041000800041082002100049100001800070245002700088260003700115300000900152230411s9999 xx 000 0 und d aeng aB/530/SHA/B06860 aSharma Suresh aBio Physics in Nursing bJaypee BrothersaNew Delhic2011 a218p